| 000 | 00519nam a2200133Ia 4500 | ||
|---|---|---|---|
| 008 | 220217s9999 xx 000 0 und d | ||
| 245 | 0 | _aRubber-or plastics-coated fabrics- Determination of tear resistance-Part 2: Ballistic pendulum method | |
| 260 | _aGeneva, Switzerland | ||
| 260 |
_c1998 _bInternational Organisation for Standardization |
||
| 490 | _aInternational Standard | ||
| 500 | _aStandard number: ISO 4674-2(For BIS use only-not original copy) | ||
| 650 | _aRubber-or plastics-coated fabrics | ||
| 942 | _cST | ||
| 999 |
_c74155 _d74155 |
||